000 01883nam a2200241Ia 4500
008 260220t1995||||xx |||||||||||||| ||spa||
040 _aPY-SlUNAC
_bspa
_erda
041 _aspa
082 _a330
_bH425h
100 _aHerken Krauer, Juan Carlos
_eAutor
245 0 _aHacia una economía política de la integración en el Mercosur /
_cpor Juan Carlos Herken Krauer [Autor]
264 _aAsunción :
_bCEPRO,
_c℗1995.
300 _a1 volumen
520 _aEn "Hacia una economía política de la integración en el Mercosur", Juan Carlos Herken Krauer ofrece un análisis exhaustivo del proceso de integración económica entre los países miembros del Mercosur, destacando las complejidades políticas, económicas y sociales que lo acompañan. El autor examina los orígenes históricos y las motivaciones detrás de la creación del bloque, así como los beneficios y desafíos que enfrenta en su desarrollo. A través de un enfoque multidimensional, se abordan temas como el comercio intra-Mercosur, las políticas arancelarias, y el impacto en la economía regional. Herken Krauer también considera el papel de las instituciones y actores políticos en la configuración de las dinámicas de integración, enfatizando la importancia de la cooperación y la negociación en la resolución de conflictos. En última instancia, el autor propone que el éxito del Mercosur depende no solo de factores económicos, sino también de un entendimiento profundo de las relaciones políticas y sociales entre sus miembros, lo que puede llevar a una integración más efectiva y sostenible.
653 _aEconomía política
653 _aIntegración económica
653 _aOrganizaciones internacionales
942 _b2026/02/17
_cBK
999 _c7035
_d7035